BUSINESS RESEARCH METHODS (Record no. 22585)

MARC details
000 -LEADER
fixed length control field 00324nam a22001457a 4500
003 - CONTROL NUMBER IDENTIFIER
control field SGT
020 ## - INTERNATIONAL STANDARD BOOK NUMBER
International Standard Book Number 93-5460-068-9
082 ## - DEWEY DECIMAL CLASSIFICATION NUMBER
Classification number 658.0072
Item number SCH
100 ## - MAIN ENTRY--PERSONAL NAME
Personal name SCHINDLER, S. PAMELA
245 ## - TITLE STATEMENT
Title BUSINESS RESEARCH METHODS
250 ## - EDITION STATEMENT
Edition statement 13TH
260 ## - PUBLICATION, DISTRIBUTION, ETC. (IMPRINT)
Place of publication, distribution, etc INDIA
Name of publisher, distributor, etc MC GRAW HILL
Year of Publication 2021
300 ## - PAGE DESCRIPTION
No. of Pages 608
942 ## - ADDED ENTRY ELEMENTS (KOHA)
Source of classification or shelving scheme Dewey Decimal Classification
Koha item type Books
942 ## - ADDED ENTRY ELEMENTS (KOHA)
-- 2
Holdings
Withdrawn status Lost status Source of classification or shelving scheme Damaged status Not for loan Collection code Home library Current library Shelving location Date acquired Vendor Name Cost, normal purchase price SGTU Bill Number Total Checkouts Full call number Accession No. (Barcode) Date last seen Bill Date Koha item type Date last borrowed
    Dewey Decimal Classification     MASS COMMUNICATION SGT Science & Social Sciences Library SGT Science & Social Sciences Library Text Book 16/04/2022 KALYANI PUB. 895.00 SGTU GV455   658.0072 SCH MC1126 16/04/2022   Books  
    Dewey Decimal Classification     MASS COMMUNICATION SGT Science & Social Sciences Library SGT Science & Social Sciences Library Text Book 16/04/2022 KALYANI PUB. 895.00 SGTU GV455 2 658.0072 SCH MC1127 25/06/2022   Books 21/05/2022